000 01106nam a22002657a 4500
003 PE SENCICO BE
005 20251020182707.0
008 240227b |||||||| |||| 00| 0 eng d
040 _aPE SENCICO BE
_cPE SENCICO BE
041 _aspa
084 _aI
_aDIS
_a2012
_bC22
100 1 _91993
_aCamara Cuya, Mirta
_eautor
245 1 _aCuerpo humano proporción en el espacio :
_bproyecto loft para joven discapacitado /
_cMirta Camara Cuya
260 _aLima :
_c2012
300 _a[20] h. :
_bil. col.,
_c30 x 40 cm.
500 _aEl texto contiene planos: 30 x 40 cm.
502 _aMonografía de Titulación.-- Servicio Nacional de Capacitación para la Industria de la Construcción. Escuela Superior Técnica. Carrera Profesional Técnica en Diseño de Interiores, 2012
650 1 0 _944
_aDiseño de interiores
650 2 0 _977
_aViviendas
650 2 0 _91967
_aAcceso para personas con discapacidad
650 2 0 _9615
_aPlanos
710 1 _aServicio Nacional de Capacitación para la Industria de la Construcción.
_bEscuela Superior Técnica
_91065
910 _bhfp
_chfp
942 _cMON
_2ddc
999 _c4971
_d4971